A study on employee absenteeism in selected Malaysian small and medium scale manufacturing industries /
Saved in:
| 主要作者: | |
|---|---|
| 格式: | Thesis 图书 |
| 语言: | English |
| 出版: |
1990.
|
| 主题: | |
| 标签: |
添加标签
没有标签, 成为第一个标记此记录!
|
| LEADER | 01253cam a2200301 a 4500 | ||
|---|---|---|---|
| 001 | u131102 | ||
| 003 | SIRSI | ||
| 008 | 911101s1990 my bt 00 1 eng m | ||
| 010 | |o AAB-0235 | ||
| 035 | |a AAO-8403 | ||
| 040 | |a UMM | ||
| 043 | |a a-my--- | ||
| 090 | |a HD5115.2 |b M4Heo | ||
| 091 | |a Microfiche 10948 | ||
| 100 | 1 | 0 | |a Heoe, Hock Fie. |
| 245 | 1 | 2 | |a A study on employee absenteeism in selected Malaysian small and medium scale manufacturing industries / |c by Heoe Hock Fie. |
| 260 | |c 1990. | ||
| 300 | |a viii, 119 leaves ; |c 30 cm. | ||
| 500 | |a Also available on microfiche. Kuala Lumpur : Perpustakaan Universiti Malaya, 1991. 2 fiches : negative ; 11 x 15 cm. | ||
| 502 | |a Dissertation (M.B.A.) -- Fakulti Ekonomi dan Pentadbiran, Universiti Malaya, 1991. | ||
| 504 | |a Bibliography: leaves 102-106. | ||
| 650 | 0 | |a Absenteeism (labor) |z Malaysia. | |
| 650 | 0 | |a Small business |z Malaysia |x Employees | |
| 710 | 2 | 0 | |a Universiti Malaya. |b Fakulti Ekonomi dan Pentadbiran. |
| 948 | |a 08/01/1992 |b 16/06/2004 | ||
| 596 | |a 1 | ||
| 999 | |a HD5115.2 M4HEO |w LC |c 1 |i A010956148 |d 18/1/2018 |e 18/1/2018 |l STACKS |m P01UTAMA |n 18 |r Y |s Y |t TESIS |u 21/1/1992 | ||
| 999 | |a HD5115.2 M4HEO |w LC |c 2 |i A010956157 |d 23/10/2017 |e 23/10/2017 |l STACKS |m P01UTAMA |n 11 |r Y |s Y |t TESIS |u 21/1/1992 | ||
